000 004590000a22001810004500
003 MACL
005 20150909131953.0
008 150909b xxu||||| |||| 00| 0 eng d
040 _aMACL
_cMACL
041 _aEnglish
082 _a821/CUT
100 _aCutler, Norman
_99543
245 _aA Gift of Tamil
_bTranslations From Tamil Literature
260 _bManohar Publication
_c1992
_aDelhi
350 _a150
650 _aPoetry
_99545
942 _cBK
_k821
_2ddc
999 _c3974
_d3974